000 00325nam a22001337a 4500
999 _c12125
_d12125
020 _a978-0-19-966880-9
082 _a541.39
100 _aPeter Atkins
245 _aReactions the private life of Atoms
260 _aNew York
_bOxford University Press
_c2013
300 _a191
650 _aEnglish Fiction
942 _cBK